Scottish home improvement policy 1945-1975 : coming to terms with the tenement (Record no. 37874)

MARC details
000 -LEADER
fixed length control field 01161cab a2200229 4500
001 - CONTROL NUMBER
control field ABS47248
008 - FIXED-LENGTH DATA ELEMENTS--GENERAL INFORMATION
fixed length control field 090401t1992 xxu||||| |||| 00| 0 eng d
035 ## - SYSTEM CONTROL NUMBER
System control number (Sirsi) u61212
041 ## - LANGUAGE CODE
Language code of text/sound track or separate title eng
100 ## - MAIN ENTRY--PERSONAL NAME
Personal name Robertson, D.S.
245 ## - TITLE STATEMENT
Title Scottish home improvement policy 1945-1975 : coming to terms with the tenement
260 ## - PUBLICATION, DISTRIBUTION, ETC.
Date of publication, distribution, etc. 1992
350 ## - PRICE (NR) (BK AM CF MU VM SE) [OBSOLETE]
Price 0
490 ## - SERIES STATEMENT
Series statement Urban Studies
Volume/sequential designation 29(7) October 1992, 1115-1136(12)
520 ## - SUMMARY, ETC.
Summary, etc. Traces the development of home improvement policy in Scotland, illustrating how the traditional tenemental housing form for a long time hindered, then eventually distinctly shaped, this policy. Reference is made to the policy-making process within a Scottish context through the examination of a number of influential policy reports, advocating the adoption of home improvement, and how they eventually worked themselves into legislation. The central significance of Glasgow in framing this policy approach is clearly illustrated. References. (Based on journal abstract)
650 ## - SUBJECT ADDED ENTRY--TOPICAL TERM
Topical term or geographic name entry element GOVERNMENT POLICY
650 ## - SUBJECT ADDED ENTRY--TOPICAL TERM
Topical term or geographic name entry element HOME IMPROVEMENTS
650 ## - SUBJECT ADDED ENTRY--TOPICAL TERM
Topical term or geographic name entry element TENEMENTS
690 ## - LOCAL SUBJECT ADDED ENTRY--TOPICAL TERM (OCLC, RLIN)
Topical term or geographic name as entry element HOUSING
942 ## - ADDED ENTRY ELEMENTS (KOHA)
Suppress in OPAC 0
948 ## - LOCAL PROCESSING INFORMATION (OCLC); SERIES PART DESIGNATOR (RLIN)
c (OCLC) 04/03/1997
Holdings
Withdrawn status Lost status Source of classification or shelving scheme Damaged status Not for loan Home library Current library Shelving location Date acquired Total Checkouts Full call number Barcode Date last seen Copy number Price effective from Koha item type
    Dewey Decimal Classification     London London Journal article 14/09/1999   ABS47248 61212-1001 06/08/2019 1 06/08/2019 Journal article